00749 2200205 4500001002100000005001500021035002000036245009300056100001300149250000600162300003100168856000900199260003100208082001000239084001600249020002200265600001600287520022600303990001400529INLIS00000000000885420260518082607 a0010-05260001921 aAkuntansi Koperasi :bCara Pintar Mendeteksi Mencegah & Mengobati Asam Urat /cRudianto0 aRudianto a2 a226 hlm :bIlus ;c21x28cm aumum aJakarta :bErlangga,c2010 a657.9 a657.9 RUD a a978-979-075-382-2 4ailmuTerapan aUntuk Menguasai Akuntansi secara komprehensif harus dimulai dengan memiliki pengetahuan dasar akuntansi yang bvaiuk karena itu mempelajari dasar kuci mungkin agar para pembaca dapat mempelajari dengan cepat serta mudah. aIT2010481